<?xml version='1.0' encoding='UTF-8'?>
  <record xmlns="http://www.loc.gov/MARC21/slim">
    <leader>00000cam a2200000 a 4500</leader>
    <controlfield tag="001">ocn228769461</controlfield>
    <controlfield tag="003">OCoLC</controlfield>
    <controlfield tag="005">20251207004807.2</controlfield>
    <controlfield tag="008">041215s1912    enk      b    000 0 eng d</controlfield>
    <datafield tag="040" ind1=" " ind2=" ">
      <subfield code="a">HUV</subfield>
      <subfield code="b">eng</subfield>
      <subfield code="e">dcrb</subfield>
      <subfield code="c">HUV</subfield>
      <subfield code="d">OCLCG</subfield>
      <subfield code="d">CPO</subfield>
      <subfield code="d">UKMGB</subfield>
      <subfield code="d">OCLCO</subfield>
      <subfield code="d">OCLCF</subfield>
      <subfield code="d">OCLCO</subfield>
      <subfield code="d">OCLCQ</subfield>
      <subfield code="d">OCLCO</subfield>
      <subfield code="d">OCLCL</subfield>
      <subfield code="d">OCLCQ</subfield>
    </datafield>
    <datafield tag="016" ind1="7" ind2=" ">
      <subfield code="a">000428008</subfield>
      <subfield code="2">Uk</subfield>
    </datafield>
    <datafield tag="019" ind1=" " ind2=" ">
      <subfield code="a">12795490</subfield>
    </datafield>
    <datafield tag="029" ind1="1" ind2=" ">
      <subfield code="a">AU@</subfield>
      <subfield code="b">000008073239</subfield>
    </datafield>
    <datafield tag="029" ind1="1" ind2=" ">
      <subfield code="a">NLGGC</subfield>
      <subfield code="b">06324103X</subfield>
    </datafield>
    <datafield tag="035" ind1=" " ind2=" ">
      <subfield code="a">(OCoLC)228769461</subfield>
      <subfield code="z">(OCoLC)12795490</subfield>
    </datafield>
    <datafield tag="050" ind1=" " ind2="4">
      <subfield code="a">SF293.A8</subfield>
      <subfield code="b">B743</subfield>
    </datafield>
    <datafield tag="100" ind1="1" ind2=" ">
      <subfield code="a">Boucaut, James Penn,</subfield>
      <subfield code="c">Sir,</subfield>
      <subfield code="d">1831-1916.</subfield>
      <subfield code="1">https://id.oclc.org/worldcat/entity/E39PBJyX4Bqc3hVbKRfG3wrTHC</subfield>
    </datafield>
    <datafield tag="245" ind1="1" ind2="4">
      <subfield code="a">The Arab horse, the thoroughbred, and the turf /</subfield>
      <subfield code="c">by the Hon. Sir James Penn Boucaut, K.C.M.G., formerly senior Puisine Judge of the supreme court of South Australia, and three times prime minister of that state ; with a foreword by the Rt. Hon. Sir george H. Reid, G.C.M.G., high commissioner for Australia.</subfield>
    </datafield>
    <datafield tag="260" ind1=" " ind2=" ">
      <subfield code="a">London :</subfield>
      <subfield code="b">Arthur F. Bird 22 Bedford Street, Strand,</subfield>
      <subfield code="c">1912.</subfield>
    </datafield>
    <datafield tag="300" ind1=" " ind2=" ">
      <subfield code="a">xi, [1], 222 p. ;</subfield>
      <subfield code="c">20 cm.</subfield>
    </datafield>
    <datafield tag="336" ind1=" " ind2=" ">
      <subfield code="a">text</subfield>
      <subfield code="b">txt</subfield>
      <subfield code="2">rdacontent</subfield>
    </datafield>
    <datafield tag="337" ind1=" " ind2=" ">
      <subfield code="a">unmediated</subfield>
      <subfield code="b">n</subfield>
      <subfield code="2">rdamedia</subfield>
    </datafield>
    <datafield tag="338" ind1=" " ind2=" ">
      <subfield code="a">volume</subfield>
      <subfield code="b">nc</subfield>
      <subfield code="2">rdacarrier</subfield>
    </datafield>
    <datafield tag="500" ind1=" " ind2=" ">
      <subfield code="a">Half-title.</subfield>
    </datafield>
    <datafield tag="504" ind1=" " ind2=" ">
      <subfield code="a">Includes bibliographical references.</subfield>
    </datafield>
    <datafield tag="650" ind1=" " ind2="0">
      <subfield code="a">Arabian horse.</subfield>
    </datafield>
    <datafield tag="650" ind1=" " ind2="0">
      <subfield code="a">Arabian horse</subfield>
      <subfield code="x">Breeding.</subfield>
    </datafield>
    <datafield tag="650" ind1=" " ind2="0">
      <subfield code="a">Thoroughbred horse.</subfield>
    </datafield>
    <datafield tag="650" ind1=" " ind2="0">
      <subfield code="a">Horse racing.</subfield>
    </datafield>
    <datafield tag="650" ind1=" " ind2="0">
      <subfield code="a">Horse breeds.</subfield>
    </datafield>
    <datafield tag="650" ind1=" " ind2="6">
      <subfield code="a">Cheval arabe.</subfield>
    </datafield>
    <datafield tag="650" ind1=" " ind2="6">
      <subfield code="a">Pur-sang.</subfield>
    </datafield>
    <datafield tag="650" ind1=" " ind2="6">
      <subfield code="a">Chevaux</subfield>
      <subfield code="x">Races.</subfield>
    </datafield>
    <datafield tag="650" ind1=" " ind2="7">
      <subfield code="a">Arabian horse.</subfield>
      <subfield code="2">fast</subfield>
      <subfield code="0">(OCoLC)fst00812251</subfield>
    </datafield>
    <datafield tag="650" ind1=" " ind2="7">
      <subfield code="a">Arabian horse</subfield>
      <subfield code="x">Breeding.</subfield>
      <subfield code="2">fast</subfield>
      <subfield code="0">(OCoLC)fst00812252</subfield>
    </datafield>
    <datafield tag="650" ind1=" " ind2="7">
      <subfield code="a">Horse breeds.</subfield>
      <subfield code="2">fast</subfield>
      <subfield code="0">(OCoLC)fst00960458</subfield>
    </datafield>
    <datafield tag="650" ind1=" " ind2="7">
      <subfield code="a">Horse racing.</subfield>
      <subfield code="2">fast</subfield>
      <subfield code="0">(OCoLC)fst00960488</subfield>
    </datafield>
    <datafield tag="650" ind1=" " ind2="7">
      <subfield code="a">Thoroughbred horse.</subfield>
      <subfield code="2">fast</subfield>
      <subfield code="0">(OCoLC)fst01150238</subfield>
    </datafield>
    <datafield tag="752" ind1=" " ind2=" ">
      <subfield code="a">England</subfield>
      <subfield code="d">London.</subfield>
    </datafield>
    <datafield tag="758" ind1=" " ind2=" ">
      <subfield code="i">has work:</subfield>
      <subfield code="a">The Arab horse, the thoroughbred, and the turf (Text)</subfield>
      <subfield code="1">https://id.oclc.org/worldcat/entity/E39PCGjjK9G6qPkGmd4jcMGMpq</subfield>
      <subfield code="4">https://id.oclc.org/worldcat/ontology/hasWork</subfield>
    </datafield>
    <datafield tag="936" ind1=" " ind2=" ">
      <subfield code="a">BATCHLOAD</subfield>
    </datafield>
  </record>